Widok standardowy
Widok MARC
Pozycja Personal Name
Liczba rekordów, w których użyto hasła: 1
001 - Numer kontrolny
- control field: 39222
003 - Identyfikator numeru kontrolnego
- control field: NUKAT
005 - Data i czas ostatniej modyfikacji
- control field: 20260330142646.0
008 - Dane kontrolne kodowane (40 znaków)
- fixed length control field: 220804n||azznnbabn |a aaa |c
010 ## - Numer kontrolny Biblioteki Kongresu
- numer kontrolny LC: p 2022099065
035 ## - Numer systemowy
- numer systemowy: (PL)a1000001081205
040 ## - Instytucja sporządzająca rekord
- inst. przygot. dane do rek. khw: WA N
- język haseł przedmiotowych/tezaurus: DBN
- inst. wprow. rek. khw: WA N
043 ## - Kod obszaru geograficznego
- ISO code: PL
100 1# - Hasło - nazwa osobowa
- nazwa osobowa w formie ujednoliconej: Rutkowski, Jan Franciszek
- daty biograficzne: (1927- )
370 ## - Associated place
- Country: Polska
370 ## - Associated place
- Place of birth: Dowhe (Ukraina, obw. Równieński, rej. Równięnski)
372 ## - Field of activity
- Field: Lekkoatleci
373 ## - Associated Group
- Associated group: Towarzystwo Miłośników Wołynia i Polesia (Olsztyn)
374 ## - Occupation
- Occupation: Działacze sportowi
375 ## - Gender
- Gender: 1
- Source of term: iso5218
377 ## - Assoc lang
- Lang code: pol
670 ## - Źródło informacji
- źródło informacji: Został tylko żuraw : Jan Franciszek Rutkowski : strażnik pamięci o Wołyniu / Helena Piotrowska. - Olsztyn, 2019.
670 ## - Źródło informacji
- adres internetowy: https://naszehistorie.pl/a66-jan-rutkowski